000 00781nam a2200241Ia 4500
003 GCL
008 140319s9999 xx 000 0 ara d
040 _aGCL /
_cGCL
082 0 4 _a953
_bس ت
100 1 _aسيد مظهر الدين نادفى
245 1 0 _aالتاريخ الجغرافى للقران /
_cسيد مظهر الدين نادفى
700 1 _aعبدالشافى غنيم عبدالقادر
700 1 _aحسنى محمد جوهر(مراجعة
260 _a[S.N] :
_bلجنة البيان العربى
300 _a230 ص
490 _aالالف كتاب
_v0
650 0 4 _aتاريخ
650 0 4 _aالاسلام
650 0 4 _aالتاريخ الاسلامى
650 0 4 _aالقران
650 0 4 _aالقصص القرآنية
942 _2ddc
_cBK
999 _c36122
_d36122